| 000 | 01407cam a2200397 a 4500 | ||
|---|---|---|---|
| 001 | 82384 | ||
| 005 | 20230410103842.0 | ||
| 008 | 080530s2007 ko a 000 0 eng d | ||
| 010 | _a2008405745 | ||
| 035 | _a(OCoLC)ocn221985285 | ||
| 040 |
_aZQP _cZQP _dDLC _dAU@ _dMUQ _dUV0 |
||
| 020 | _a9788991913189 (pbk.) | ||
| 020 | _a8991913180 (pbk.) | ||
| 029 | 1 |
_aAU@ _b000043176263 |
|
| 029 | 1 |
_aAU@ _b000042269498 |
|
| 035 | _a(OCoLC)221985285 | ||
| 042 | _alccopycat | ||
| 043 | _aa-ko--- | ||
| 050 | 1 | 4 |
_a409 DS 904 _bK84 2007 |
| 082 | 0 | 0 | _a915.195 |
| 049 | _aGRAL | ||
| 245 | 0 | 0 |
_aKorea up close : _bphotographic encounters by foreign observers / _ccompiled by Craig White. |
| 260 |
_aSeoul, Korea : _bSeoul Selection, _c2007. |
||
| 300 |
_a188 p. : _bill. (chiefly col.) ; _c21 cm. |
||
| 505 | 0 | _aA surge for the senses--- Tradition and art up close--- Almost Korean--- Daily encounters | |
| 651 | 0 |
_aKorea (South) _xSocial life and customs _vPictorial works. |
|
| 651 | 0 |
_aKorea (South) _xSocial life and customs. |
|
| 651 | 0 |
_aKorea (South) _xDescription and travel. |
|
| 651 | 6 |
_aCoraee du Sud _xMurs et coutumes _vOuvrages illustres. |
|
| 651 | 6 |
_aCoree du Sud _xDescriptions et voyages _vOuvrages illustres. |
|
| 700 | 1 | _aWhite, Craig. | |
| 856 | 4 | 1 |
_3Table of contents _uhttp://www.loc.gov/catdir/toc/fy0804/2008405745.html |
| 942 |
_2lcc _cbk |
||
| 994 |
_aC0 _bDRFGD |
||
| 946 | _aCA | ||
| 999 |
_c27106 _d27106 |
||